Diseñar el sistema de alcantarillado sanitario y planta de tratamiento de aguas residuales para las zonas #1 y #4 de la ciudad de nueva guinea
Presenta el diseñar del sistema de alcantarillado sanitario y planta de tratamiento de aguas residuales para las zonas #1 y #4 de la ciudad de Nueva Guinea. Realiza estudios de población y consumo para determinar la población de diseño y volumen de aguas residuales. Efectúa el levantamiento top...
| Main Authors: | , |
|---|---|
| Other Authors: | |
| Format: | Tesis Section = Libro |
| Language: | Undetermined Spanish |
| Published: |
Managua
UNI/RUACS
2020
|
| Subjects: |
| LEADER | 01386nam a2200277Ia 4500 | ||
|---|---|---|---|
| 008 | 240830s9999 xx 000 0 und d | ||
| 040 | |a BIBLIOTECA-RUPAP Mon 628.2 M516 | ||
| 041 | |a spa | ||
| 082 | |a Mon 628.2 M516 | ||
| 100 | 1 | |a Mejía Jirón, Elmer Raúl | |
| 100 | 1 | |b Baltodano Maldonado, José Ángel | |
| 245 | 1 | 0 | |a Diseñar el sistema de alcantarillado sanitario y planta de tratamiento de aguas residuales para las zonas #1 y #4 de la ciudad de nueva guinea |
| 260 | |a Managua |b UNI/RUACS |c 2020 | ||
| 300 | |a 77 p. :il. | ||
| 500 | |a Contiene: anexos y CD. | ||
| 502 | |a Tesis (Ingeniero Civil)- UNI, 2020. | ||
| 520 | 3 | |a Presenta el diseñar del sistema de alcantarillado sanitario y planta de tratamiento de aguas residuales para las zonas #1 y #4 de la ciudad de Nueva Guinea. Realiza estudios de población y consumo para determinar la población de diseño y volumen de aguas residuales. Efectúa el levantamiento topográfico del área de estudio para especificar el curso de las aguas residuales. | |
| 650 | 7 | |a ALCANTARILLADO SANITARIO-DISEÑO Y CONSTRUCCCION | |
| 650 | 7 | |b RED DE ALCANTARILLADO SANITARIO | |
| 650 | 7 | |c TRATAMIENTO DE AGUAS RESIDUALES | |
| 650 | 7 | |d HIDRAULICA DE ALCANTARILLAS | |
| 650 | 7 | |e INFILTRACION DE AGUAS SUBTERRANEAS | |
| 700 | 1 | |a Tutor: |b Baltodano Maldonado, José Angel | |
| 942 | |c BK |2 ddc | ||
| 991 | |a TESIS | ||
| 999 | |c 16325 | ||